[Event "EU-ch Hybrid U12"]
[Site "Tornelo INT"]
[Date "2021.10.15"]
[Round "5"]
[White "Juhanak, Daniel"]
[Black "Gogolashvili, Giorgi"]
[Result "0-1"]
[WhiteElo "1824"]
[BlackElo "1548"]
[PlyCount "128"]
[EventDate "2021.10.15"]
[EventType "swiss"]
[EventRounds "9"]
[EventCountry "NET"]
[SourceTitle "EXT 2023"]
[Source "ChessBase"]
[SourceDate "2022.10.05"]
[SourceVersion "1"]
[SourceVersionDate "2022.10.05"]
[SourceQuality "1"]
[WhiteTeam "Czech Republic"]
[BlackTeam "Georgia"]
[WhiteTeamCountry "CZE"]
[BlackTeamCountry "GEO"]

1. e4 e6 2. d4 d5 3. Nd2 Nf6 4. e5 Nfd7 5. Bd3 c5 6. c3 Nc6 7. Ne2 cxd4 8. cxd4 f6 9. exf6 Nxf6 10. Nf3 Bd6 11. 0-0 0-0 12. Bf4 Bxf4 13. Nxf4 Ne4 14. Qc1 Qd6 15. Nh3 e5 16. dxe5 Nxe5 17. Nxe5 Bxh3 18. Bxe4 Qxe5 19. Qe3 dxe4 20. Qxh3 Rad8 21. Qb3+ Qd5 22. Rad1 Qxb3 23. axb3 Kf7 24. Rfe1 Rxd1 25. Rxd1 Rc8 26. Kf1 Ke6 27. Rd2 Rc5 28. Ke1 Rb5 29. Re2 Kd5 30. Re3 a5 31. Kd2 Kd4 32. Rc3 Rc5 33. Rg3 g6 34. Rh3 h5 35. Re3 Rg5 36. g3 Rf5 37. Ke2 b5 38. Rc3 Rc5 39. Kd2 Rxc3 40. bxc3+ Ke5 41. Kc2 g5 42. h3 h4 43. gxh4 gxh4 44. Kd2 Kf4 45. c4 bxc4 46. bxc4 Ke5 47. Kc3 Kd6 48. Kd4 a4 49. c5+ Kc6 50. Kc4 a3 51. Kb3 Kxc5 52. Kxa3 Kc4 53. Kb2 Kd3 54. Kb3 Ke2 55. Kc3 Kxf2 56. Kd4 e3 57. Ke4 e2 58. Kf4 e1Q 59. Kg4 Qe5 60. Kxh4 Qg3+ 61. Kh5 Kf3 62. h4 Kf4 63. Kh6 Kf5 64. h5 Kf6 0-1

[Event "GEO-ch 1st League 80th"]
[Site "Tbilisi"]
[Date "2021.04.05"]
[Round "8"]
[White "Gogolashvili, Giorgi"]
[Black "Lomaia, Diana"]
[Result "0-1"]
[WhiteElo "1448"]
[BlackElo "1946"]
[PlyCount "102"]
[EventDate "2021.03.29"]
[EventType "swiss"]
[EventRounds "9"]
[EventCountry "GEO"]
[SourceTitle "CBM 202 Extra"]
[Source "ChessBase"]
[SourceDate "2021.07.31"]
[SourceVersion "1"]
[SourceVersionDate "2021.07.31"]
[SourceQuality "1"]

1. e4 c5 2. d4 cxd4 3. c3 Nf6 4. e5 Nd5 5. Nf3 Nc6 6. Bc4 Nb6 7. Bb3 d6 8. exd6 Qxd6 9. cxd4 Be6 10. Nc3 Bxb3 11. Qxb3 e6 12. Be3 Be7 13. 0-0 0-0 14. Rfd1 Rfd8 15. Ne4 Qd7 16. Nc5 Bxc5 17. dxc5 Nd5 18. Bf4 a5 19. Bd6 b6 20. Ng5 bxc5 21. Bxc5 h6 22. Ne4 Rab8 23. Qg3 Kh8 24. Rd2 f5 25. Nd6 Kh7 26. Re1 Ncb4 27. h4 Na6 28. Bd4 Nac7 29. h5 Rb4 30. Be5 Rg4 31. Qa3 Nb5 32. Nxb5 Qxb5 33. Qd3 Rxg2+ 34. Kf1 Qb7 35. Qf3 Rg4 36. Bd4 Qb5+ 37. Qe2 Qxe2+ 38. Rexe2 Nf4 39. Re3 Rh4 40. f3 Rh1+ 41. Kf2 Rh2+ 42. Ke1 Rxd2 43. Kxd2 Rxd4+ 44. Kc3 Rd6 45. Kc4 g6 46. hxg6+ Kxg6 47. a3 h5 48. b4 axb4 49. axb4 h4 50. Re1 h3 51. Rg1+ Kh5 0-1

[Event "Gaprindashvili Cup op 2nd"]
[Site "Tornelo INT"]
[Date "2020.11.10"]
[Round "7"]
[White "Gogolashvili, Giorgi"]
[Black "Tsereteli, Tornike"]
[Result "0-1"]
[WhiteElo "1448"]
[BlackElo "1765"]
[PlyCount "90"]
[EventDate "2020.11.08"]
[EventType "swiss (rapid)"]
[EventRounds "9"]
[EventCountry "GEO"]
[SourceTitle "CBM 199 Extra"]
[Source "ChessBase"]
[SourceDate "2021.01.31"]
[SourceVersion "1"]
[SourceVersionDate "2021.01.31"]
[SourceQuality "1"]

1. e4 Nf6 2. Nc3 d5 3. exd5 Nxd5 4. Bc4 c6 5. d4 Bf5 6. Nf3 e6 7. 0-0 Be7 8. Qe2 0-0 9. h3 Bf6 10. Ne5 Nb4 11. Be3 Nxc2 12. Rad1 Nxe3 13. fxe3 Bxe5 14. dxe5 Qc7 15. e4 Bg6 16. Rd6 Nd7 17. Rdd1 Nxe5 18. Bb3 Rad8 19. h4 h5 20. g3 Ng4 21. Qf3 Rxd1 22. Nxd1 Qe5 23. Nc3 Rd8 24. Qf4 Rd3 25. Qxe5 Nxe5 26. Kg2 Rd2+ 27. Rf2 Rxf2+ 28. Kxf2 Kf8 29. Ke3 Ke7 30. Ne2 Ng4+ 31. Kf4 e5+ 32. Kf3 f5 33. exf5 Bxf5 34. Nc3 Nf6 35. Ke3 Kd6 36. Ne2 Nd5+ 37. Bxd5 cxd5 38. b4 d4+ 39. Kd2 Kd5 40. Nc1 Kc4 41. a3 e4 42. b5 e3+ 43. Ke2 Bg4+ 44. Ke1 d3 45. Nxd3 Kxd3 0-1

[Event "Gaprindashvili Cup op 2nd"]
[Site "Tornelo INT"]
[Date "2020.11.08"]
[Round "2"]
[White "Endeladze, Ramaz"]
[Black "Gogolashvili, Giorgi"]
[Result "1-0"]
[WhiteElo "1894"]
[BlackElo "1448"]
[PlyCount "83"]
[EventDate "2020.11.08"]
[EventType "swiss (rapid)"]
[EventRounds "9"]
[EventCountry "GEO"]
[SourceTitle "CBM 199 Extra"]
[Source "ChessBase"]
[SourceDate "2021.01.31"]
[SourceVersion "1"]
[SourceVersionDate "2021.01.31"]
[SourceQuality "1"]

1. d4 g6 2. Nf3 Bg7 3. c4 d6 4. Nc3 Nc6 5. g3 e5 6. dxe5 Nxe5 7. Nxe5 Bxe5 8. Bg2 Ne7 9. 0-0 0-0 10. Bh6 Re8 11. Bg5 Be6 12. Nd5 Bxd5 13. cxd5 Qd7 14. Qd2 Nf5 15. Bh3 Bg7 16. Rfe1 Qb5 17. Bxf5 gxf5 18. Rab1 Re5 19. Rbd1 Rae8 20. e3 Re4 21. b3 Rg4 22. Bf4 Rg6 23. Qc2 Qd7 24. Rc1 Re7 25. Qd3 Be5 26. Rc4 b5 27. Rcc1 b4 28. Rc4 Bc3 29. Rd1 a5 30. a4 Re8 31. Rc6 h5 32. h4 Re4 33. Qb5 Qe7 34. Qb8+ Kg7 35. Qxc7 Qxh4 36. Rxd6 Qg4 37. Rxg6+ Kxg6 38. Rf1 h4 39. f3 Qh3 40. fxe4 fxe4 41. Qd6+ f6 42. Qe6 1-0